[Event "Antananarivo op"]
[Site "Antananarivo"]
[Date "2015.08.07"]
[Round "4"]
[White "Rajaonarison, Faniry"]
[Black "Rabeharivelojaona, Fy Ny Aina"]
[Result "1-0"]
[WhiteElo "2125"]
[BlackElo "1730"]
[PlyCount "87"]
[EventDate "2015.08.05"]
[EventType "swiss"]
[EventRounds "9"]
[EventCountry "MAD"]
[SourceTitle "EXT 2018"]
[Source "ChessBase"]
[SourceDate "2017.10.13"]
[SourceVersion "1"]
[SourceVersionDate "2017.10.13"]
[SourceQuality "1"]

1. e4 c5 2. Nf3 e6 3. d4 cxd4 4. Nxd4 a6 5. Bd3 Nf6 6. Nc3 Qc7 7. Qe2 d6 8. 0-0 Be7 9. Be3 Nbd7 10. h3 b5 11. a3 Bb7 12. Rfd1 0-0 13. Rac1 Rac8 14. Bd2 Rfe8 15. Qe3 Qb8 16. Nde2 Qa8 17. Ng3 Ne5 18. b3 Ned7 19. a4 b4 20. Nb1 a5 21. Bb5 Red8 22. c3 Nxe4 23. Nxe4 Bxe4 24. cxb4 Rxc1 25. Rxc1 axb4 26. Bxb4 Bxg2 27. Rc7 Bh1 28. f3 Ne5 29. Kxh1 Nxf3 30. Bc6 Qb8 31. Rb7 Qc8 32. Qxf3 Bf6 33. Ba5 Rf8 34. Na3 d5 35. Rc7 Qa6 36. b4 Bd8 37. Bb5 Qa8 38. Rc6 Bf6 39. Bc7 Qa7 40. Bd6 Qd4 41. Bxf8 Kxf8 42. Nc2 Qh4 43. a5 e5 44. Qg4 1-0

[Event "Antananarivo op"]
[Site "Antananarivo"]
[Date "2015.08.06"]
[Round "3"]
[White "Rabeharivelojaona, Fy Ny Aina"]
[Black "Rambolamalalatiana, Hajaharisoa"]
[Result "1-0"]
[WhiteElo "1730"]
[BlackElo "1743"]
[PlyCount "57"]
[EventDate "2015.08.05"]
[EventType "swiss"]
[EventRounds "9"]
[EventCountry "MAD"]
[SourceTitle "EXT 2016"]
[Source "ChessBase"]
[SourceDate "2015.10.08"]
[SourceVersion "1"]
[SourceVersionDate "2015.10.08"]
[SourceQuality "1"]

1. e4 c5 2. Nc3 Nc6 3. f4 g6 4. Nf3 Bg7 5. Bc4 e6 6. d3 Nge7 7. 0-0 0-0 8. Qe1 d5 9. Bb3 a6 10. a4 d4 11. Ne2 Bd7 12. f5 exf5 13. Qh4 Ne5 14. Bg5 Re8 15. Bh6 Nxf3+ 16. Rxf3 b5 17. Raf1 Be6 18. Bxe6 fxe6 19. Rh3 Bh8 20. Bg5 h6 21. Bf6 Kf7 22. e5 Qd7 23. Bxh8 Rxh8 24. Qf6+ Kg8 25. Nf4 Ra7 26. Nxg6 Nxg6 27. Qxg6+ Qg7 28. Qe8+ Qf8 29. Rg3+ 1-0